| 000 | 01505nam a2200445 i 4500 | ||
|---|---|---|---|
| 001 | 40752 | ||
| 003 | KOSZ 005 | ||
| 005 | 20220505132757.0 | ||
| 008 | 020129s2001 pl a po|000 0 pol | ||
| 015 | _aUWD 2002/1447 | ||
| 020 | _a8372791759 | ||
| 035 | _a991017590159705066 | ||
| 035 | _a(PL-WaBN)b14757692-48omnis_nlop | ||
| 035 | _ab14757692 | ||
| 035 | _a(OCoLC)831002565 | ||
| 035 | _a(PL)b0000001475769 | ||
| 035 | _a(EXLNZ-48OMNIS_NETWORK)9910496381205606 | ||
| 040 |
_aWA N _cWA N _dKOSZ 005/HR |
||
| 046 | _k2001 | ||
| 080 | _a004.42 | ||
| 080 | _a(07) | ||
| 100 | 1 |
_aKarolewski, Igor _eAutor |
|
| 245 | 1 | 0 |
_aZaawansowane możliwości programu Microsoft Project 2000 PL / _cIgor Karolewski. |
| 246 | 1 | 8 |
_aZaawansowane możliwości programu Ms Project 2000 : _bwersja polska - ćwiczenia |
| 260 |
_aWarszawa : _b"Mikom", _c2001. |
||
| 300 |
_a141 s. : _bil. ; _c24 cm + _edyskietka. |
||
| 336 |
_aTekst _btxt _2rdacontent |
||
| 337 |
_aBez urządzenia pośredniczącego _bn _2rdamedia |
||
| 338 |
_aWolumin _bnc _2rdacarrier |
||
| 380 | _aKsiążki | ||
| 388 | _a2001- | ||
| 500 | _aNa okł. podtyt.: wersja polska : ćwiczenia. | ||
| 650 | 7 |
_aProject _2DBN |
|
| 655 | 7 |
_aPodręcznik _2DBN |
|
| 658 | _aInformatyka i technologie informacyjne | ||
| 710 | 2 |
_aWydawnictwo Mikom _4pbl |
|
| 856 |
_uhttp://koha.tu.koszalin.pl/cgi-bin/koha/opac-detail.pl?biblionumber=40752 _yKatalog online BPK |
||
| 942 |
_2UKD _cKS |
||
| 999 |
_c40752 _d40752 |
||